000 00935nas a2200301 4500
001 BR0301570
003 BR-BrBNA
005 20231205103630.0
007 ta
008 230509b bl.|||p| |||| 00| 00por d
040 _aBR-BrBNA
_bpor
_cBiblioteca Nacional de Agricultura
041 _a(Pt)
072 _aL73
100 1 _aBittencourt, A.J.
100 1 _aBrito, S.N.
100 1 _aAzevedo, F.D.
100 1 _aCastro, B.G. de
100 1 _aBadini, P.V.
100 1 _aMoraes, A.P.R.
245 1 _aFrequência de anemia infecciosa eqüina em animais apreendidos nas rodovias do Estado do Rio de Janeiro
650 _aEQÜINO
650 _aANEMIA INFECCIOSA
650 _aDOENÇA ANIMAL
650 _aRIO DE JANEIRO
773 0 _tRevista Brasileira de Medicina Veterinária (Brazil)
_xISSN 0100-2430
_g(Sep-Oct 2002), v. 24(5) p. 194-197
_wBR0301570
909 _a202311
_bLúcia
_c55
_dLúcia Elande
942 _2AGRIS
_n0
_cANA
999 _c173919
_d173919